logo

Bir Sreshtho Munshi Abdur Rouf Library
Jhenaidah Cadet College

Life Under Captivity in Pakistan 1971 / (Record no. 7156)

MARC details
000 -LEADER
fixed length control field 00670nam a2200241 a 4500
001 - CONTROL NUMBER
JCCL Control Number 7156
003 - CONTROL NUMBER IDENTIFIER
JCCL marc code BD-JhCC
005 - DATE AND TIME OF LATEST TRANSACTION
control field 20180210104220.0
008 - FIXED-LENGTH DATA ELEMENTS--GENERAL INFORMATION
fixed length control field 180205s2007 bg |||| |||| 000 0 eng d
020 ## - INTERNATIONAL STANDARD BOOK NUMBER
International Standard Book Number 9847000600592
035 ## - SYSTEM CONTROL NUMBER
system control number (BD-JhCC)7156
040 ## - CATALOGING SOURCE
Original cataloging agency BD-JhCC
Modifying agency BD-JhCC
041 ## - LANGUAGE CODE
Language code of Book eng
082 ## - DEWEY DECIMAL CLASSIFICATION NUMBER
Classification number 954.9205
Author mark and Year QUA 2007
100 ## - MAIN ENTRY--PERSONAL NAME
Personal name Quader, Helen
245 ## - TITLE STATEMENT
Title Life Under Captivity in Pakistan 1971 /
Statement of responsibility, etc Helen Quader ; Translated by Harun-ur-Rashid
260 ## - PUBLICATION, DISTRIBUTION, ETC. (IMPRINT)
Place of publication, distribution, etc Dhaka :
Name of publisher, distributor, etc Agamee Prakashani,
Date of publication, distribution, etc 2007
300 ## - PHYSICAL DESCRIPTION
Pagination 111 p. :
Dimensions 21 cm.
651 ## - SUBJECT ADDED ENTRY--GEOGRAPHIC NAME
Geographic name Bangladesh
General subdivision History
Chronological subdivision Revolution, 1971
700 ## - ADDED ENTRY--PERSONAL NAME
Personal name Rashid, Harun-ur,
942 ## - ADDED ENTRY ELEMENTS (KOHA)
Source of classification or shelving scheme Dewey Decimal Classification
Koha item type Books
Holdings
Source of classification or shelving scheme Damaged status Not for loan Home library Current library Shelving location Date of accession Cost, normal purchase price Total Checkouts Full call number Barcode Date last seen Copy number Koha item type
Dewey Decimal Classification     JCC Rouf Library JCC Rouf Library General Stacks 02/05/2018 150.00   954.9205 QUA 2007 9717 02/05/2018 C-1 Books

JCC Library | Contacts | JCC Home

Last Update on 23 September 2017
Copyright @ 2017-2020 JCC Rouf Library
Rouf Library, Jhenidah Cadet College (JCC), Bangladesh